Statistics for Love Live Song Quiz (SIP + Sunshine)

Click here to take the quiz!

General Stats

  • This quiz has been taken 28 times
    (18 since last reset)
  • The average score is 176 of 282

Answer Stats

HintAnswer% Correct
μ'sSnow halation
91%
Guilty KissStrawberry Trapper
91%
AqoursAozora Jumping Heart
82%
AqoursAqours☆HEROES
82%
Saint Aqours SnowAwaken the power
82%
Aqours ft. Hatsune MikuBANZAI! digital trippers
82%
μ'sBokura no LIVE Kimi to no LIFE
82%
μ'sBokura wa Ima no Naka de
82%
AqoursDaydream Warrior
82%
AqoursDeep Resonance
82%
AZALEAGALAXY HidE and SeeK
82%
Guilty KissGuilty Night, Guilty Kiss!
82%
AqoursHAPPY PARTY TRAIN
82%
AqoursHop? Stop? Nonstop!
82%
AqoursHumming Friend
82%
Chika, Riko, YouKimeta yo Hand in Hand
82%
AqoursKimi no Kokoro wa Kagayaiteru Kai?
82%
AqoursKoi ni Naritai AQUARIUM
82%
AqoursKOKORO Magic "A to Z"
82%
AqoursKU-RU-KU-RU Cruller!
82%
AqoursLanding action Yeah!!
82%
AqoursMijuku DREAMER
82%
AqoursMIRACLE WAVE
82%
AqoursMitaiken HORIZON
82%
AqoursMY Mai☆TONIGHT
82%
AqoursNext SPARKLING!!
82%
DiaPerfect SEKAI
82%
AZALEAPHOENIX DANCE
82%
AqoursSKY JOURNEY
82%
AqoursStep! ZERO to ONE
82%
μ'sSUNNY DAY SONG
82%
AqoursThank you, FRIENDS!!
82%
AqoursThrilling One Way
82%
AZALEATorikoriko PLEASE!!
82%
AqoursWake up, Challenger!!
82%
AqoursWATER BLUE NEW WORLD
82%
DiaWHITE FIRST LOVE
82%
AqoursWONDERFUL STORIES
82%
μ'sYume no Tobira
82%
μ'sAngelic Angel
73%
AqoursAqours Pirates Desire
73%
YouBeginner's Sailing
73%
Saint SnowBelieve again
73%
AqoursBokura no Hashittekita Michi wa...
73%
μ'sBokutachi wa Hitotsu no Hikari
73%
CYaRonBraveheart Coaster
73%
AqoursBrightest Melody
73%
RubyCotton Candy Ei-Ei-Oh!
73%
Saint SnowCRASH MIND
73%
BiBiCutie Panther
73%
μ'sDancing stars on me!
73%
Saint SnowDazzling White Town
73%
Guilty KissDeep Sea Cocoon
73%
μ'sDonna Toki mo Zutto
73%
Saint SnowDROPOUT!?
73%
CYaRonGenki Zenkai DAY! DAY! DAY!
73%
Dia, Kanan, MariG Senjou no Cinderella
73%
Guilty KissGuilty!? Farewell party
73%
AZALEAINNOCENT BIRD
73%
Yoshikoin this unstable world
73%
Aqours ft. Hatsune MikuKA-GA-YA-KI-RA-RI-RA
73%
AqoursKimi no Hitomi o Meguru Bouken
73%
CYaRonKinmirai Happy End
73%
μ'sKiRa-KiRa Sensation!
73%
μ'sKitto Seishun ga Kikoeru
73%
RinKoi no Signal Rin rin rin!
73%
μ'sKorekara
73%
μ'sKorekara no Someday
73%
NicoRinPanaListen to my heart!!
73%
Aqours, Liella, NijigasakiLIVE with a smile!
73%
AZALEALONELY TUNING
73%
μ'sLove wing bell
73%
Chika, Riko, YouMarine Border Parasol
73%
YoshikoMeimei Tantei Yohane
73%
μ'sMermaid festa vol.1
73%
AqoursMirai no Bokura wa Shitteru yo
73%
AqoursMIRAI TICKET
73%
μ'sMogyutto "love" de Sekkin Chuu!
73%
μ'sMOMENT RING
73%
KananMotto ne!
73%
μ'sMusic S.T.A.R.T!!
73%
Aqours"MY LIST" to you!
73%
AqoursNo.10
73%
μ'sNo brand girls
73%
AqoursOmoi yo Hitotsu ni Nare
73%
HanamaruOyasuminasan!
73%
YouParadise Chime
73%
BiBiPSYCHIC FIRE
73%
RubyRED GEM WINK
73%
KananSakana ka Nanda ka?
73%
MariShiny Racers
73%
A-RISEShocking Party
73%
AqoursShoujo Ijou no Koi ga Shitai
73%
Eli, Maki, Umisoldier game
73%
μ'sSTART:DASH!!
73%
AqoursSunshine Pikkapika Ondo
73%
Honoka, Kotori, UmiSusume→Tomorrow
73%
AZALEATokimeki Bunruigaku
73%
Dia, Kanan, MariTousou Meisou Mobius Loop
73%
Hanamaru, Ruby, YoshikoWaku-Waku-Week!
73%
AZALEAWe'll get the next dream!!!
73%
μ'sWonder zone
73%
AqoursYume de Yozora o Terashitai
73%
AqoursYuuki wa Doko ni? Kimi no Mune ni!
73%
lily whiteAki no Anata no Sora Tooku
64%
AZALEAAmazing Travel DNA
64%
μ'sArashi no Naka no Koi Dakara
64%
EliArifureta Kanashimi no Hate
64%
KotoriBlueberry♡Train
64%
AqoursDance with Minotaurus
64%
MakiDaring!!
64%
μ'sDatte Datte Aa Mujou
64%
AqoursDREAMY COLOR
64%
AqoursFantastic Departure!
64%
AqoursFuture flight
64%
Honoka, Kotori, UmiFuture Style
64%
BiBiFuyu ga Kureta Yokan
64%
Eli, NozomiGarasu no Hanazono
64%
Guilty KissGuilty Eyes Fever
64%
μ'sHappy maker!
64%
Eli, Nico, Nozomi?←HEARTBEAT
64%
μ'sHEART TO HEART!
64%
Hanayo, Maki, RinHello, Hoshi o Kazoete
64%
AqoursHop Step Waai!
64%
AqoursJIMO-AI Dash!
64%
Yoshiko, YouJimo Ai♡Mantan☆Summer Life
64%
AqoursJingle Bells ga Tomaranai
64%
AqoursKiseki Hikaru
64%
HanayoKodoku na Heaven
64%
Guilty KissKowareyasuki
64%
μ'sLOVELESS WORLD
64%
RikoLove Spiral Tower
64%
Dia, RubyManatsu wa Dare no Mono?
64%
AqoursMattete Ai no Uta
64%
Honoka, RinMermaid festa vol.2 ~Passionate~
64%
RikoMinamo ni Piano
64%
Riko, YouMisty Frosty Love
64%
μ'sMi wa μ'sic no Mi
64%
μ'sNatsuiro Egao de 1, 2, Jump!
64%
Chika, KananNatsu no Owari no Amaoto ga
64%
Guilty KissNew Romantic Sailors
64%
PrintempsNO EXIT ORION
64%
ChikaOne More Sunshine Story
64%
lily whiteOtohime Heart de Love Kyuuden
64%
Saint Aqours SnowOver The Next Rainbow
64%
Guilty KissPhantom Rocket Adventure
64%
RikoPianoforte Monologue
64%
CYaRonP.S. no Mukougawa
64%
RikoPURE PHRASE
64%
PrintempsPuwa-Puwa-O!
64%
CYaRonSakura Bye Bye
64%
AqoursSeinaru Hi no Inori
64%
Saint SnowSELF CONTROL!!
64%
μ'sSENTIMENTAL StepS
64%
BiBiSilent tonight
64%
Aqourssmile smile ship Start!
64%
μ'sSore wa Bokutachi no Kiseki
64%
AZALEASotsugyou desu ne
64%
Printempssweet&sweet holiday
64%
YoshikoTatehoko Tsubasa
64%
YouTotsuzen GIRL
64%
μ'sWILD STARS
64%
AqoursYume Kataru yori Yume Utaou
64%
μ'sYuujou no Change
64%
Maki, NicoZurui yo Magnetic today
64%
Ruby1STAR
55%
NicoRinPanaafter school NAVIGATORS
55%
Saint SnowAfter The Rain
55%
Kotori, UmiAnemone heart
55%
μ'sA song for You! You? You!!
55%
μ'sbaby maybe Koi no Button
55%
Maki, RinBeat in Angel
55%
lily whiteBinetsu Kara Mystery
55%
AqoursBouken Type A, B, C!!
55%
CYaRonCHANGELESS
55%
μ'sCOLORFUL VOICE
55%
Chika, Riko, YouDaisuki Dattara Daijoubu!
55%
BiBiDiamond Princess no Yuuutsu
55%
AqoursGEMSTONE "DE‐A‐I"
55%
Hanamaru, Ruby, YoshikoHajimari Road
55%
Aqoursi-n-g, I TRY!!
55%
AqoursJump up HIGH!!
55%
NozomiJun'ai Lens
55%
μ'sKaguya no Shiro de Odoritai
55%
CYaRonKaigandoori de Matteru yo
55%
CYaRonKodoku Teleport
55%
AqoursKokoro no Hane yo Kimi e Tondeke!
55%
Hanayo, KotoriKokuhaku Biyori, desu!
55%
μ'sLONELIEST BABY
55%
Saint SnowLonely Snow Planet
55%
PrintempsLove marginal
55%
BiBiLove Novels
55%
NicoMahoutsukai Hajimemashita!
55%
AZALEAMaze Sekai
55%
AZALEAMetamorphism
55%
DiaMOTTO-ZUTTO be with you
55%
Hanamaru, Mari, RikoNatsu e no Tobira Never end ver.
55%
HanayoNawatobi
55%
ChikaNever giving up!
55%
MariNew winding road
55%
NicoNico Puri♡Joshidou
55%
Aqoursnot ALONE not HITORI
55%
μ'sOh,Love&Peace!
55%
ChikaOKAWARI Happy life!
55%
Chika, Dia, YoshikoParty! Party! PaPaPaParty!
55%
AqoursPops heart de Odorun damon!
55%
A-RISEPrivate Wars
55%
BiBiSaitei de Saikou no Paradiso
55%
BiBiSakkaku Crossroads
55%
lily whiteShiranai Love*Oshiete Love
55%
lily whiteShunjou Romantic
55%
HonokaSomeday of my life
55%
Chika, Riko, YouSora mo Kokoro mo Hareru Kara
55%
KotoriSpicaterrible
55%
AqoursSUKI for you, DREAM for you!
55%
AqoursTaiyou o Oikakero!
55%
μ'sTakaramonozu
55%
AqoursTodokanai Hoshi da to Shitemo
55%
YYYWaai WaiWai WaiWaiWai!
55%
PrintempsWAO-WAO Powerful day!
55%
UmiWatashitachi wa Mirai no Hana
55%
μ'sWonderful Rush
55%
Dia, Kanan, MariYosoku Fukanou Driving!
55%
CYaRonYozora wa Nandemo Shitteru no?
55%
UmiYuuki no Reason
55%
RubyAikotoba
45%
μ'sAishiteru Banzai!
45%
HonokaAi wa Taiyou ja nai?
45%
HanamaruAkogare Ranraran
45%
lily whiteA-NO-NE-GA-N-BA-RE!
45%
YouAo no Aurora
45%
CYaRonAru Hi...Eien Mitai ni!
45%
PrintempsCheerDay CheerGirl!
45%
CYaRonDragon Riders
45%
μ'sDreamin' Go! Go!!
45%
PrintempsEien Friends
45%
μ'sENDLESS PARADE
45%
YYYFabotage
45%
lily whiteFutari Happiness
45%
lily whiteKimi no Kuse ni!
45%
RinKururin MIRACLE
45%
AZALEAKuuchuu Ren'ai Ron
45%
MariLove is all, I sing love is all!
45%
Guilty KissLove Pulsar
45%
NozomiMoshimo Kara Kitto
45%
HonokaMou Hitori ja nai yo
45%
PrintempsMUSEUM de Dou Shitai?
45%
Guilty KissNameless Love Song
45%
Kanan, MariNamida ga Yuki ni Naru Mae ni
45%
ChikaNamioto Refrain
45%
AqoursNando Datte Yakusoku!
45%
BiBiNatsu, Owaranai de.
45%
μ'sNatte Shimatta!
45%
PrintempsNightingale Love Song
45%
lily whiteOmoide Ijou ni Naritakute
45%
lily whiteOnaji Hoshi ga Mitai
45%
Nico, NozomiOtome Shiki Ren'ai Juku
45%
μ'sParadise Live
45%
PrintempsPure girls project
45%
KananRUN KAKERU RUN
45%
μ'sRuteshi Kisuki Shiteru
45%
μ'sSayounara e Sayonara!
45%
KananSentimental Lemonade
45%
μ'sShangri-La Shower
45%
HonokaShiawase Iki no SMILING!
45%
μ'sSoshite Saigo no Page ni wa
45%
Eli, UmiStorm in Lover
45%
Hanayo, KotoriSuki desu ga Suki desu ka?
45%
μ'sSuper LOVE=Super LIVE!
45%
BiBiTrouble Busters
45%
PrintempsUNBALANCED LOVE
45%
CYaRonWhistle of Revolution
45%
HanamaruYaa! Kouunryuusui!?
45%
HonokaYume naki Yume wa Yume ja nai
45%
AqoursCYaZALEA☆Kiss☆DADANDAAAN
36%
Hanamaru, RubyKimochi mo Yume mo Issho da ne!
36%
AqoursNamida×
36%
DiaPure heart Pure wish
36%
Guilty KissShadow gate to love
36%
Guilty KissShooting Star Warrior
36%
HanamaruTSUBOMI SEASON
36%
AqoursYume + Mirai = Mugendai
36%

Score Distribution

Percentile by Number Answered

Percent of People with Each Score

Your Score History

You have not taken this quiz since the last reset